| 000 | 00478nam a2200181Ia 4500 | ||
|---|---|---|---|
| 005 | 20250508162618.0 | ||
| 008 | 008 250505s9999 xx 000 0 hin d | ||
| 037 | _aTextual | ||
| 040 |
_aFEDL _beng _cFEDL |
||
| 041 |
_ahin _2eng |
||
| 084 |
_a418.02, TIW _qFEDL |
||
| 100 | _aTiwari Bholanath | ||
| 245 | 0 | _aBhartiya bhashaon se hindi anuvad ki samasayain | |
| 260 | _c1984 | ||
| 300 | _a140p. | ||
| 942 |
_cTEXL _h418.02, TIW |
||
| 999 |
_c1377631 _d1377631 |
||